Criminología, derechos humanos y garantías individuales: la necesidad de reorganizar y sistematizar el conocimiento criminológico: criminología de los derechos humanos (Registro nro. 8616)
[ vista simple ]
| 000 -Cabecera | |
|---|---|
| Campo de control de longitud fija | 00662aam a2200205 4500 |
| 005 - Fecha y hora de la última transacción | |
| Campo de control | 20250701164938.0 |
| 008 - Elementos de longitud fija--Información general | |
| Campo de control de longitud fija | 150622b2010 xxu||||| |||| 00| 0 spa d |
| 020 ## - International Standard Book Number | |
| Número Internacional Estándar del Libro (ISBN) | 9786070905131 |
| 041 ## - Idioma | |
| Código de idioma | Español |
| 082 ## - Clasificación Decimal Dewey | |
| Número de clasificación | 323 H639c |
| 100 ## - Entrada principal--Autor personal | |
| Nombre personal | Hikal, Wael |
| 245 ## - Título propiamente dicho | |
| Título | Criminología, derechos humanos y garantías individuales: la necesidad de reorganizar y sistematizar el conocimiento criminológico: criminología de los derechos humanos |
| 260 ## - Pie de imprenta | |
| Lugar de publicación, distribución, etc. | México |
| Nombre del editor, distribuidor, etc. | Porrua |
| Fecha de publicación, distribución, etc. | 2010 |
| 300 ## - Descripción física | |
| Extensión | 246 páginas |
| 490 ## - Serie | |
| Título de la Serie | Investigación Criminal |
| 650 ## - Materia general | |
| Temática (materia general) | DERECHOS HUMANOS |
| 650 ## - Materia general | |
| Temática (materia general) | CRIMINOLOGÍA |
| 650 ## - Materia general | |
| Temática (materia general) | GARANTÍAS INDIVIDUALES |
| 942 ## - Punto de acceso adicional KOHA | |
| Tipo de ítem KOHA | Libro |
| Fuente del sistema de clasificación o colocación | Dewey Decimal Classification |
| Signatura completa | Código de barras | Programa Académico | Tipo de ítem |
|---|---|---|---|
| 323 H639c | 17439 | Investigación Criminal | Libro |